|
|
|
|
| LEADER |
02092nam a2200313 a 4500 |
| 001 |
GR-Patra14162 |
| 008 |
010129s1999 gr g 000 0 gre d |
| 020 |
|
|
|a 9602863811
|
| 040 |
|
|
|a GrPaTEI
|b gre
|c GR-PaULI
|
| 040 |
|
|
|a GrPaTEI
|b gre
|c GR-PaULI
|
| 082 |
|
0 |
|a 658.3
|2 21
|
| 100 |
1 |
|
|a Ζαβλανός, Μ.
|
| 245 |
1 |
0 |
|a Οργανωτική συμπεριφορά /
|c Μύρων Μ. Ζαβλάνος.
|
| 260 |
|
|
|a Αθήνα :
|b εκδόσεις 'Ελλην,
|c c1999
|
| 300 |
|
|
|a 410σ.
|
| 500 |
|
|
|a Τμήμα Επιχειρηματικού Σχεδιασμού και Πληροφοριακών Συστημάτων: 22183-22189 και 26261 και 25706, 25707
|
| 504 |
|
|
|a Βιβλιογραφία: σ.411
|
| 610 |
2 |
4 |
|a Τμήμα Επιχειρηματικού Σχεδιασμού και Πληροφοριακών Συστημάτων
|
| 650 |
|
4 |
|a ΔΙΟΙΚΗΣΗ ΚΑΙ ΟΡΓΑΝΩΣΗ
|
| 650 |
|
4 |
|a Οργανωσιακή συμπεριφορά
|
| 710 |
0 |
|
|a Ελλην
|
| 942 |
|
|
|2 ddc
|
| 952 |
|
|
|0 1
|1 0
|2 ddc
|4 0
|6 658_300000000000000_ΖΑΒ
|7 0
|9 293127
|a LISK
|b LISK
|c BSC
|d 2021-01-17
|e 24
|f 0
|g 0.00
|l 0
|o 658.3 ΖΑΒ
|p 92410025706
|r 2021-01-17 00:00:00
|t 1
|w 2021-01-17
|y BK15
|x 20040804 0 1
|x GrPaTEI
|
| 952 |
|
|
|0 1
|1 0
|2 ddc
|4 0
|6 658_300000000000000_ΖΑΒ
|7 0
|9 293128
|a LISK
|b LISK
|c BSC
|d 2021-01-17
|e 24
|f 0
|g 0.00
|l 0
|o 658.3 ΖΑΒ
|p 92410025707
|r 2021-01-17 00:00:00
|t 1
|w 2021-01-17
|y BK15
|x 20040804 0 1
|x GrPaTEI
|
| 952 |
|
|
|0 0
|1 0
|2 ddc
|4 0
|6 658_300000000000000_ΖΑΒ
|7 0
|9 293129
|a LISK
|b LISK
|c ALF
|d 2021-01-17
|e 24
|f 1
|g 0.00
|l 0
|o 658.3 ΖΑΒ
|p 92410017517
|r 2021-01-17 00:00:00
|t 1
|w 2021-01-17
|y BK15
|x 20020613 0 1
|x GrPaTEI
|
| 952 |
|
|
|0 0
|1 0
|2 ddc
|4 0
|6 658_300000000000000_ΖΑΒ
|7 0
|9 293130
|a LISK
|b LISK
|c BSC
|d 2021-01-17
|e 24
|f 0
|g 0.00
|l 0
|o 658.3 ΖΑΒ
|p 92410017571
|r 2021-01-17 00:00:00
|t 1
|w 2021-01-17
|y BK15
|x 20010129 0 1
|x GrPaTEI
|
| 952 |
|
|
|0 0
|1 0
|2 ddc
|4 0
|6 658_300000000000000_ΖΑΒ
|7 0
|9 293135
|a LISK
|b LISK
|c BSC
|d 2021-01-17
|e 24
|f 0
|g 0.00
|l 0
|o 658.3 ΖΑΒ
|p 92410022189
|r 2021-01-17 00:00:00
|t 1
|w 2021-01-17
|y BK15
|x 20031031 0 1
|x GrPaTEI
|
| 971 |
|
|
|a .b26616774
|b 16-04-20
|c 23-09-16
|
| 999 |
|
|
|c 171361
|d 171361
|